Documentos de Estudio. Realidad Centroaméricana. Integración y Dependencia en Centroamérica

Gorde:
Xehetasun bibliografikoak
Formatua: Texto
Argitaratua: s.l: INCEP
Etiketak: Etiketa erantsi
Etiketarik gabe, Izan zaitez lehena erregistro honi etiketa jartzen!

MARC

LEADER 00000 a a2200000 04500
001 25323
003
040
090 |a 150026  
245 |a Documentos de Estudio. Realidad Centroaméricana. Integración y Dependencia en Centroamérica  
260 |a s.l:   |b INCEP  
300 |a pag. cortada  
999 |c 15209  |d 15209